Statystyki dla Kraje Graniczące z 2 lub więcoma oceanami

Kliknij tutaj aby rozwiązać quiz!

Ogólne statystyki

  • Ten quiz został rozwiązany 38 razy
  • Średni wynik to 8 z 10

Statystyki odpowiedzi

OceanyOdpowiedź% Poprawnych
PACYFIK / ATLANTYCKI / ARKTYCZNYUSA2
97%
PACYFIK / ATLANTYCKI / ARKTYCZNYKanada3
95%
PACYFIK / ATLANTYKMeksyk9
95%
PACYFIK / ATLANTYCKI / ARKTYCZNYRosja1
95%
INDYJSKI / PACYFIKAustralia6
89%
ATLANTYCKI / INDYJSKI / POŁUDNIOWYRPA4
84%
POŁUDNIOWY / PACYFIK / ATLANTYCKIChile5
76%
INDYJSKI / PACYFIKIndonezja7
74%
PACYFIK / POŁUDNIOWYNowa Zelandia10
68%
NeutralnySzwajcaria8
5%

Rozkład punktacji

Percentyl według liczby udzielonych odpowiedzi

Procent ludzi z każdym wynikiem

Twoja historia wyników

Nie rozwiązałeś tego quizu